00512cam a22001337a 4500008004000000082001600040100002100056245011600077260009900193300000900292440003600301650001800337700002300355180718b2005 xxu||||| |||| 00| 0 eng d aQ31X54 B122 aBhide, Shashanka aTracking poverty through panel data: rural poverty in India 1970-1998cby Shashanka Bhide and Aasha Kapur Mehta aNew DelhibIndian Institute of Public Administration and Chronic Poverty Research Centrec2005 a18p. aCPRC-IIPA working paper; no. 28 aRural poverty aMehta, Aasha Kapur